Using Multivariate Statistics (Record no. 175591)

MARC details
000 -LEADER
fixed length control field 00747nam a22002057a 4500
005 - DATE AND TIME OF LATEST TRANSACTION
control field 20200910121528.0
010 ## - LCCN (DPL NO)
LC control number ENG-128400
020 ## - INTERNATIONAL STANDARD BOOK NUMBER
Terms of availability 899.00
International Standard Book Number 9789389342239
035 ## - SYSTEM CONTROL NUMBER
System control number EN-111932
037 ## - SOURCE OF ACQUISITION
Source of stock number/acquisition DBAD/PUB
082 ## - DEWEY DECIMAL CLASSIFICATION NUMBER
Classification number 519.535
100 ## - MAIN ENTRY--PERSONAL NAME
Personal name Tabachnick, Barbara G.
245 ## - TITLE STATEMENT
Title Using Multivariate Statistics
Statement of responsibility, etc by Barbara G. Tabachnick and Linda S. Fidell
250 ## - EDITION STATEMENT
Edition statement 7th edition
260 ## - PUBLICATION, DISTRIBUTION, ETC. (IMPRINT)
Place of publication, distribution, etc Noida
Name of publisher, distributor, etc Pearson
Date of publication, distribution, etc 2020
270 ## - ADDRESS
Address 15th floor,Tower-B,Word Trade Tower,Plot no.1,Block-C sec 16,
City Noida
Postal code 201301
Telephone number 04466540100
Electronic mail address companysecretary.india@pearson.com
300 ## - PHYSICAL DESCRIPTION
Extent xiv;832p.
Dimensions 25cm(pbk)
Other physical details Illustrations, Tables & Graphs
500 ## - GENERAL NOTE
General note Includes Refrences, Index and Appendix
942 ## - ADDED ENTRY ELEMENTS (KOHA)
Source of classification or shelving scheme Dewey Decimal Classification
Item type English Books
Classification part 519.535
Call number suffix TAB
Holdings
Withdrawn status Lost status Not for loan Collection code Home library Current library Date acquired Source of acquisition Cost, normal purchase price Full call number Barcode Cost, replacement price Koha item type
      Non-fiction Bawana Bawana 10/09/2020 DBAD/PUB 899.00 519.535 TAB EN-111932 899.00 English Books

© Delhi Public Library
Hit Counter
free hit counter